000 00764nam a22002177a 4500
005 20240530110625.0
008 170103s2014 ua h g 000 f ara d
017 _a2013
_bمصر. دار الكتب
020 _a9789770932247
040 _aEG-CaGPL
_cEG-CaGPL
082 0 4 _221
_a813.081\
_bم ل
100 0 _aمحمد المنسى قنديل
245 1 0 _aلحظة تاريخ :
_b30 حكاية من الزمن العربى /
_cمحمد المنسى قنديل
250 _aط. 2014
260 _aالقاهرة :
_bدار الشروق ،
_c2014.
300 _a440 ص. :
_bصور ؛
_c19 سم.
650 0 7 _2qrmak
_aالادب العربى
650 0 7 _2qrmak
_aالقصص العربية
942 _2ddc
_cBK
999 _c63146
_d63146